000 01031cam a2200253 a 4500
001 000018244
005 20200929165422.0
008 800610s1980 nyua 000 0 eng d
020 _a0453003893
040 _aDO-SdBNP
_beng
_cLC
_dBNPHU
050 0 0 _aE872
_b.B57
082 _ann*
_bB651h
100 1 _aBlock, Herbert,
_d1909-2001.
_939511
245 1 0 _aHerblock on all fronts :
_btext and cartoons /
_cHerbert Block.
260 _aNew York :
_bNew American Library,
_c1980.
300 _aviii, 280 p. :
_bil. ;
_c26 cm.
651 0 _aUnited States
_xPolitics And Government
_y1977-1981
_vCaricatures and cartoons.
_939512
651 0 _aUnited States
_xPolitics And Government
_y1969-1974
_vCaricatures and cartoons.
_939513
651 0 _aUnited States
_xPolitics And Government
_y1974-1977
_vCaricatures and cartoons.
_939514
651 0 _aUnited States
_xSocial Conditions
_y1960-1980
_vCaricatures and cartoons.
_939515
650 0 _aAmerican wit and humor, pictorial.
_939516
910 _aCatalogación por copia / LC
049 _aBNGR
999 _c17765
_d17765